| 000 | 00000nam##2200000za#4500 |
| 001 | 9.690457 |
| 003 | CaOODSP |
| 005 | 20210624232333 |
| 007 | cr ||||||||||| |
| 008 | 150407|2007||||xxc|||||o f|0| 0 eng|d |
| 020 | |a978-0-662-47327-5 |
| 040 | |aCaOODSP|beng |
| 043 | |an-cn--- |
| 086 | 1 |aH164-60/2007E-PDF |
| 110 | 1 |aCanada. |bHealth Canada. |
| 245 | 10|aDraft guidance document - risk communications under Canada's Access to Medicines Regime (CAMR) / |h[electronic resource]|c[by] Health Products and Food Branch. |
| 260 | |aOttawa - Ontario : |bHealth Canada |c2007. |
| 300 | |a15p.|breferences |
| 500 | |a"This guidance document is being distributed for comment purposes only." |
| 590 | |a12-42-Supp|b2012-11-21 |
| 690 | 07|aMedicine|2gcpds |
| 690 | 07|aRisk management|2gcpds |
| 775 | 08|tÉbauche de la ligne directrice - communication des risques dans le cadre du Régime canadien d'accès aux médicaments (RCAM) / |w(CaOODSP)9.634821 |
| 856 | 40|ahttp://publications.gc.ca|qPDF|s130 KB|uhttps://publications.gc.ca/collections/collection_2012/sc-hc/H164-60-2007-eng.pdf |